| 000 | 00684nas a2200229 4500 | ||
|---|---|---|---|
| 001 | BR9902974 | ||
| 003 | BR-BrBNA | ||
| 005 | 20231205101443.0 | ||
| 007 | ta | ||
| 008 | 230509b bl.|||p| |||| 00| 00por d | ||
| 040 |
_aBR-BrBNA _bpor _cBiblioteca Nacional de Agricultura |
||
| 041 | _a(Pt) | ||
| 072 | _aP36 | ||
| 100 | 1 | _aValcarcel, R. | |
| 245 | 1 | _aProblema e estrategias de recuperacao de areas degradas na Europa | |
| 650 | _aDegradacao | ||
| 650 | _aRecurso Natural | ||
| 650 | _aRecuperacao do Solo | ||
| 773 | 0 |
_tFloresta e Ambiente (Brazil) _xISSN 1415-0980 _g(1994), (no. 1) p. 147-150 _wBR9902974 |
|
| 909 |
_a202311 _bLúcia _c55 _dLúcia Elande |
||
| 942 |
_2AGRIS _n0 _cANA |
||
| 999 |
_c161950 _d161950 |
||